[Event "Groningen op-A 50th"]
[Site "Groningen"]
[Date "2012.12.23"]
[Round "3"]
[White "Schoehuys, Erik"]
[Black "Pijpers, Arthur"]
[Result "0-1"]
[WhiteElo "2160"]
[BlackElo "2351"]
[PlyCount "40"]
[EventDate "2012.12.21"]
[EventType "swiss"]
[EventRounds "9"]
[EventCountry "NED"]
[SourceTitle "CBM 152 Extra"]
[Source "ChessBase"]
[SourceDate "2013.02.25"]
[SourceVersion "1"]
[SourceVersionDate "2013.02.25"]
[SourceQuality "1"]

1. d4 d5 2. c4 c6 3. Nc3 dxc4 4. Nf3 Nf6 5. e4 b5 6. Be2 b4 7. e5 bxc3 8. exf6 cxb2 9. fxg7 bxa1Q 10. gxh8Q Qa5+ 11. Kf1 Q5c3 12. Bh6 Nd7 13. Qxh7 Bxh6 14. Qxh6 Rb8 15. Qxc6 Bb7 16. Qc7 Ba6 17. g3 Rb1 18. Kg2 Rxd1 19. Rxd1 Qab2 20. Re1 Qb7 0-1